000 00349nam a2200133Ia 4500
008 210430s9999 xx 000 0 und d
020 _a0-533-10998-1
082 _a546.31 A5431 C
100 _aNils Anderson
_954280
245 _aChemicals Metals and Men
_cNils Anderson
260 _aNew york
_bVantage
_c1995
300 _a280p
942 _cBK
_2ddc
999 _c564772
_d564772